| 000 | 00453nam a2200157 i 4500 | ||
|---|---|---|---|
| 001 | 93976 | ||
| 003 | ES-MaACL | ||
| 005 | 20250823063047.0 | ||
| 007 | t| | ||
| 008 | 050426s1916 sp ||||1| spa d | ||
| 100 | 1 |
_aLópez de Rueda y Moreno, Manuel _973585 |
|
| 245 | 1 | 0 |
_aCarmen / _cManuel López de Rueda y Moreno. |
| 260 |
_aSevilla : _b[s.n.], _c1916 ( _fImp. de A. Rodríguez) |
||
| 852 |
_aES-MaACL _j1547-F-16 |
||
| 999 |
_c93976 _d93976 |
||